[Event "Team Championship Russia (Rapid, Men)"]
[Site "Sochi"]
[Date "2018.10.08"]
[Round "5.21"]
[White "Triapishko, Alexandr"]
[Black "Potapov, Pavel"]
[Result "1/2-1/2"]
[BlackElo "2509"]
[WhiteElo "2493"]
[LiveChessVersion "1.4.8"]

1. Nf3 {[%clk 0:15:17]} f5 {[%clk 0:15:07]} 2. d3 {[%clk 0:14:19]} Nc6
{[%clk 0:15:07]} 3. e4 {[%clk 0:14:03]} e5 {[%clk 0:15:13]} 4. exf5
{[%clk 0:11:57]} d5 {[%clk 0:15:07]} 5. Qe2 {[%clk 0:09:33]} Bd6 {[%clk 0:12:39]}
6. Nxe5 {[%clk 0:04:03]} Bxe5 {[%clk 0:11:59]} 7. f4 {[%clk 0:03:32]} Nge7
{[%clk 0:10:57]} 8. fxe5 {[%clk 0:03:34]} Nxf5 {[%clk 0:11:01]} 9. Qh5+
{[%clk 0:02:56]} g6 {[%clk 0:10:50]} 10. Qg5 {[%clk 0:03:04]} Qd7
{[%clk 0:10:01]} 11. c3 {[%clk 0:02:11]} Nxe5 {[%clk 0:08:35]} 12. Qf6
{[%clk 0:01:53]} Nf7 {[%clk 0:08:29]} 13. g4 {[%clk 0:01:36]} N5d6
{[%clk 0:07:12]} 14. Be2 {[%clk 0:01:33]} Qe6 {[%clk 0:06:16]} 15. Qxe6+
{[%clk 0:01:25]} Bxe6 {[%clk 0:06:25]} 16. Be3 {[%clk 0:00:58]} O-O
{[%clk 0:05:40]} 17. Na3 {[%clk 0:00:45]} Rae8 {[%clk 0:05:03]} 18. Nc2
{[%clk 0:00:39]} Ne5 {[%clk 0:03:45]} 19. h3 {[%clk 0:00:48]} Nf3+
{[%clk 0:03:20]} 20. Kd1 {[%clk 0:00:47]} b6 {[%clk 0:02:14]} 21. Rf1
{[%clk 0:00:47]} Ne5 {[%clk 0:01:59]} 22. Kd2 {[%clk 0:00:22]} Bd7
{[%clk 0:01:29]} 23. Rxf8+ {[%clk 0:00:22]} Rxf8 {[%clk 0:01:38]} 24. Rf1
{[%clk 0:00:21]} Rxf1 {[%clk 0:01:34]} 25. Bxf1 {[%clk 0:00:30]} h5
{[%clk 0:01:38]} 26. gxh5 {[%clk 0:00:26]} gxh5 {[%clk 0:01:48]} 27. Bf4
{[%clk 0:00:26]} Nef7 {[%clk 0:01:48]} 28. Ne3 {[%clk 0:00:36]} c6
{[%clk 0:01:55]} 29. h4 {[%clk 0:00:37]} Kg7 {[%clk 0:02:01]} 30. Be2
{[%clk 0:00:37]} Kg6 {[%clk 0:02:09]} 31. b4 {[%clk 0:00:30]} b5 {[%clk 0:02:10]}
32. Bd1 {[%clk 0:00:23]} Nf5 {[%clk 0:02:04]} 33. Nxf5 {[%clk 0:00:28]} Bxf5
{[%clk 0:02:12]} 34. a4 {[%clk 0:00:19]} a6 {[%clk 0:02:20]} 35. axb5
{[%clk 0:00:19]} axb5 {[%clk 0:02:29]} 36. Ke3 {[%clk 0:00:16]} Nd8
{[%clk 0:02:38]} 37. Kd4 {[%clk 0:00:16]} Ne6+ {[%clk 0:02:45]} 38. Ke5
{[%clk 0:00:24]} Nxf4 {[%clk 0:01:35]} 39. Kxf4 {[%clk 0:00:33]} Bxd3
{[%clk 0:01:44]} 40. Ke5 {[%clk 0:00:41]} Be4 {[%clk 0:01:49]} 41. Be2
{[%clk 0:00:47]} Bc2 {[%clk 0:01:21]} 42. Bf1 {[%clk 0:00:50]} Bf5
{[%clk 0:01:09]} 43. Bg2 {[%clk 0:00:33]} Bg4 {[%clk 0:00:55]} 44. Kd6
{[%clk 0:00:22]} Bf5 {[%clk 0:01:02]} 45. Ke5 {[%clk 0:00:24]} Bg4
{[%clk 0:01:10]} 46. Bf1 {[%clk 0:00:32]} Bf5 {[%clk 0:01:14]} 47. Be2
{[%clk 0:00:39]} Be4 {[%clk 0:01:12]} 48. Ke6 {[%clk 0:00:24]} Bc2
{[%clk 0:01:17]} 49. Bf1 {[%clk 0:00:20]} Bf5+ {[%clk 0:00:52]} 50. Ke5
{[%clk 0:00:23]} Bg4 {[%clk 0:00:18]} 51. Bd3+ {[%clk 0:00:32]} Kf7
{[%clk 0:00:25]} 52. Bc2 {[%clk 0:00:18]} Ke7 {[%clk 0:00:31]} 53. Bg6
{[%clk 0:00:26]} Bd1 {[%clk 0:00:37]} 54. Bf5 {[%clk 0:00:24]} Be2
{[%clk 0:00:45]} 55. Bg6 {[%clk 0:00:23]} Bd1 {[%clk 0:00:53]} 56. Bd3
{[%clk 0:00:23]} Bg4 {[%clk 0:00:59]} 57. Ke4 1/2-1/2

[Event "Team Championship Russia (Rapid, Men)"]
[Site "Sochi"]
[Date "2018.10.08"]
[Round "5.24"]
[White "Savitskiy, Sergey"]
[Black "Kurbedinov, Ramis"]
[Result "1-0"]
[BlackElo "2244"]
[WhiteElo "2449"]
[LiveChessVersion "1.4.8"]

1. e4 {[%clk 0:15:26]} g6 {[%clk 0:15:29]} 2. Nc3 {[%clk 0:15:31]} Bg7
{[%clk 0:15:38]} 3. h4 {[%clk 0:15:39]} h5 {[%clk 0:15:38]} 4. Bc4
{[%clk 0:15:38]} d6 {[%clk 0:15:32]} 5. d3 {[%clk 0:15:44]} Nf6 {[%clk 0:15:30]}
6. Bg5 {[%clk 0:15:51]} c6 {[%clk 0:15:28]} 7. Nge2 {[%clk 0:15:27]} Nbd7
{[%clk 0:15:27]} 8. Qd2 {[%clk 0:15:32]} b5 {[%clk 0:15:28]} 9. Bb3
{[%clk 0:15:36]} Nc5 {[%clk 0:15:34]} 10. f3 {[%clk 0:14:32]} a5 {[%clk 0:15:27]}
11. d4 {[%clk 0:14:37]} Nxb3 {[%clk 0:15:30]} 12. axb3 {[%clk 0:14:45]} b4
{[%clk 0:14:48]} 13. Na4 {[%clk 0:13:14]} Ba6 {[%clk 0:14:26]} 14. O-O-O
{[%clk 0:11:55]} O-O {[%clk 0:13:23]} 15. Nf4 {[%clk 0:07:58]} e5
{[%clk 0:08:43]} 16. dxe5 {[%clk 0:08:03]} dxe5 {[%clk 0:08:52]} 17. Nd3
{[%clk 0:08:11]} Qc7 {[%clk 0:07:15]} 18. Ndc5 {[%clk 0:08:17]} Bb5
{[%clk 0:07:00]} 19. Qd6 {[%clk 0:08:13]} Qxd6 {[%clk 0:06:01]} 20. Rxd6
{[%clk 0:08:19]} Nh7 {[%clk 0:05:42]} 21. Nb6 {[%clk 0:07:25]} Ra7
{[%clk 0:05:46]} 22. c4 {[%clk 0:06:11]} bxc3 {[%clk 0:05:46]} 23. bxc3
{[%clk 0:06:20]} Re8 {[%clk 0:04:15]} 24. Rhd1 {[%clk 0:03:14]} Bf8
{[%clk 0:04:09]} 25. Rd8 {[%clk 0:03:23]} Rxd8 {[%clk 0:04:14]} 26. Rxd8
{[%clk 0:03:31]} Nxg5 {[%clk 0:04:22]} 27. hxg5 {[%clk 0:03:39]} Kg7
{[%clk 0:04:27]} 28. Rxf8 {[%clk 0:02:47]} Kxf8 {[%clk 0:04:31]} 29. c4
{[%clk 0:02:53]} Ba6 {[%clk 0:03:43]} 30. Nbd7+ {[%clk 0:02:58]} Kg7
{[%clk 0:03:47]} 31. Nxe5 {[%clk 0:03:03]} Bc8 {[%clk 0:03:47]} 32. Kd2
{[%clk 0:02:34]} Rc7 {[%clk 0:03:34]} 33. Ke3 {[%clk 0:02:19]} f6
{[%clk 0:03:35]} 34. gxf6+ {[%clk 0:02:28]} Kxf6 {[%clk 0:03:44]} 35. Kd4
{[%clk 0:01:09]} g5 {[%clk 0:03:41]} 36. Ned3 {[%clk 0:01:17]} h4
{[%clk 0:03:38]} 37. e5+ {[%clk 0:01:24]} Kf5 {[%clk 0:03:43]} 38. Ne4
{[%clk 0:01:27]} Kg6 {[%clk 0:02:48]} 39. Nd6 {[%clk 0:01:09]} Bf5
{[%clk 0:02:38]} 40. Nc5 {[%clk 0:01:17]} Re7 {[%clk 0:02:01]} 41. Ncb7
{[%clk 0:00:55]} g4 {[%clk 0:02:08]} 42. fxg4 {[%clk 0:00:55]} Bxg4
{[%clk 0:02:17]} 43. Nxa5 {[%clk 0:01:04]} c5+ {[%clk 0:01:15]} 44. Kd5
{[%clk 0:00:33]} Bf3+ {[%clk 0:01:24]} 45. gxf3 {[%clk 0:00:24]} h3
{[%clk 0:01:34]} 46. Nc6 {[%clk 0:00:25]} h2 {[%clk 0:01:31]} 47. Nxe7+
{[%clk 0:00:33]} Kh7 {[%clk 0:01:40]} 48. Kxc5 {[%clk 0:00:24]} h1=Q
{[%clk 0:01:48]} 49. f4 {[%clk 0:00:23]} Qf3 {[%clk 0:01:31]} 50. Nd5
{[%clk 0:00:21]} Qxb3 {[%clk 0:01:34]} 51. e6 {[%clk 0:00:16]} Qa3+
{[%clk 0:01:33]} 52. Kc6 {[%clk 0:00:26]} Qa8+ {[%clk 0:01:21]} 53. Kd7
{[%clk 0:00:32]} Qa4+ {[%clk 0:01:26]} 54. Kc7 {[%clk 0:00:16]} Qa5+
{[%clk 0:01:28]} 55. Kb7 {[%clk 0:00:16]} Qd8 {[%clk 0:01:14]} 56. c5
{[%clk 0:00:20]} Qa5 {[%clk 0:00:12]} 57. e7 {[%clk 0:00:23]} Qxc5
{[%clk 0:00:20]} 58. e8=Q {[%clk 0:00:23]} Qxd5+ {[%clk 0:00:28]} 59. Qc6
{[%clk 0:00:17]} Qb3+ {[%clk 0:00:37]} 60. Kc7 {[%clk 0:00:26]} Kg7
{[%clk 0:00:15]} 61. f5 {[%clk 0:00:26]} Qa3 {[%clk 0:00:16]} 62. Qd7+
{[%clk 0:00:20]} Kh6 {[%clk 0:00:25]} 63. Qe6+ {[%clk 0:00:22]} Kg5
{[%clk 0:00:28]} 64. Qg6+ {[%clk 0:00:23]} Kf4 {[%clk 0:00:36]} 65. f6
{[%clk 0:00:29]} Qa5+ {[%clk 0:00:33]} 66. Kd7 {[%clk 0:00:35]} Qa4+
{[%clk 0:00:32]} 67. Ke7 {[%clk 0:00:36]} Qa7+ {[%clk 0:00:33]} 68. Kf8
{[%clk 0:00:31]} Qb8+ {[%clk 0:00:19]} 69. Ne8 {[%clk 0:00:39]} Qb4+
{[%clk 0:00:29]} 70. Kg8 {[%clk 0:00:45]} 1-0

[Event "Team Championship Russia (Rapid, Men)"]
[Site "Sochi"]
[Date "2018.10.08"]
[Round "5.25"]
[White "Tsvetkov, Andrey"]
[Black "Nepomniachtchi, Ian"]
[Result "0-1"]
[BlackElo "2766"]
[WhiteElo "2167"]
[LiveChessVersion "1.4.8"]

1. d4 {[%clk 0:15:19]} Nf6 {[%clk 0:15:18]} 2. c4 {[%clk 0:15:28]} g6
{[%clk 0:15:26]} 3. Nf3 {[%clk 0:15:36]} Bg7 {[%clk 0:15:35]} 4. e3
{[%clk 0:15:45]} O-O {[%clk 0:15:42]} 5. Be2 {[%clk 0:15:55]} d6 {[%clk 0:15:45]}
6. Nc3 {[%clk 0:16:02]} Nbd7 {[%clk 0:15:45]} 7. O-O {[%clk 0:15:42]} e5
{[%clk 0:15:53]} 8. b4 {[%clk 0:15:47]} Re8 {[%clk 0:15:46]} 9. Qc2
{[%clk 0:15:26]} a5 {[%clk 0:15:14]} 10. b5 {[%clk 0:15:08]} exd4
{[%clk 0:15:21]} 11. exd4 {[%clk 0:14:46]} Nb6 {[%clk 0:15:29]} 12. Bg5
{[%clk 0:14:16]} h6 {[%clk 0:15:37]} 13. Bh4 {[%clk 0:14:20]} Bf5
{[%clk 0:15:04]} 14. Bd3 {[%clk 0:14:20]} Bg4 {[%clk 0:15:12]} 15. Rae1
{[%clk 0:13:35]} Bxf3 {[%clk 0:15:03]} 16. gxf3 {[%clk 0:13:44]} Qd7
{[%clk 0:15:08]} 17. Bg3 {[%clk 0:11:25]} Rad8 {[%clk 0:13:46]} 18. Qd2
{[%clk 0:10:54]} Nh7 {[%clk 0:13:33]} 19. Rxe8+ {[%clk 0:08:09]} Rxe8
{[%clk 0:13:38]} 20. c5 {[%clk 0:08:16]} dxc5 {[%clk 0:12:36]} 21. dxc5
{[%clk 0:08:21]} Ng5 {[%clk 0:12:40]} 22. Qd1 {[%clk 0:08:18]} Bxc3
{[%clk 0:12:05]} 23. cxb6 {[%clk 0:08:23]} cxb6 {[%clk 0:12:04]} 24. Bc4
{[%clk 0:07:52]} Qf5 {[%clk 0:11:39]} 25. Qd5 {[%clk 0:07:20]} Qxf3
{[%clk 0:10:29]} 26. Rd1 {[%clk 0:05:57]} Nh3+ {[%clk 0:09:05]} 27. Kf1
{[%clk 0:06:06]} Re4 {[%clk 0:09:13]} 28. Qxf7+ {[%clk 0:03:44]} Qxf7
{[%clk 0:09:19]} 29. Bxf7+ {[%clk 0:03:47]} Kxf7 {[%clk 0:09:25]} 30. Kg2
{[%clk 0:03:56]} Ng5 {[%clk 0:09:31]} 31. h4 {[%clk 0:04:04]} Nh7
{[%clk 0:09:23]} 0-1

[Event "Team Championship Russia (Rapid, Men)"]
[Site "Sochi"]
[Date "2018.10.08"]
[Round "5.26"]
[White "Paravyan, David"]
[Black "Dudin, Gleb"]
[Result "1-0"]
[BlackElo "2201"]
[WhiteElo "2630"]
[LiveChessVersion "1.4.8"]

1. d4 {[%clk 0:15:18]} Nf6 {[%clk 0:15:17]} 2. c4 {[%clk 0:15:26]} e6
{[%clk 0:15:25]} 3. g3 {[%clk 0:15:36]} d5 {[%clk 0:15:22]} 4. Bg2
{[%clk 0:15:44]} dxc4 {[%clk 0:15:30]} 5. Nf3 {[%clk 0:15:53]} Bb4+
{[%clk 0:15:38]} 6. Bd2 {[%clk 0:16:00]} c5 {[%clk 0:15:46]} 7. Bxb4
{[%clk 0:15:42]} cxb4 {[%clk 0:15:54]} 8. Ne5 {[%clk 0:15:51]} O-O
{[%clk 0:15:53]} 9. O-O {[%clk 0:15:57]} Nc6 {[%clk 0:15:20]} 10. Nxc6
{[%clk 0:15:27]} bxc6 {[%clk 0:15:23]} 11. a3 {[%clk 0:15:02]} Qb6
{[%clk 0:12:16]} 12. axb4 {[%clk 0:14:31]} Nd5 {[%clk 0:11:35]} 13. Na3
{[%clk 0:14:09]} Qxb4 {[%clk 0:11:26]} 14. Qc2 {[%clk 0:14:01]} Ba6
{[%clk 0:09:23]} 15. Rfc1 {[%clk 0:14:10]} Nb6 {[%clk 0:09:32]} 16. Bxc6
{[%clk 0:14:12]} Rac8 {[%clk 0:09:41]} 17. Be4 {[%clk 0:14:18]} g6
{[%clk 0:09:24]} 18. Nb1 {[%clk 0:14:22]} Bb5 {[%clk 0:07:25]} 19. Rxa7
{[%clk 0:14:29]} Rfd8 {[%clk 0:04:49]} 20. e3 {[%clk 0:14:29]} e5
{[%clk 0:03:42]} 21. dxe5 {[%clk 0:13:57]} Na4 {[%clk 0:03:02]} 22. e6
{[%clk 0:14:01]} Nxb2 {[%clk 0:02:08]} 23. exf7+ {[%clk 0:14:02]} Kf8
{[%clk 0:02:14]} 24. Nc3 {[%clk 0:13:48]} Bc6 {[%clk 0:01:46]} 25. Bxc6
{[%clk 0:13:27]} Rxc6 {[%clk 0:01:54]} 26. Qe4 {[%clk 0:13:33]} Rf6
{[%clk 0:01:27]} 27. Rb7 {[%clk 0:13:29]} Qa3 {[%clk 0:01:13]} 28. Qh4
{[%clk 0:13:14]} Nd3 {[%clk 0:00:23]} 29. Qh6# {[%clk 0:13:22]} 1-0

[Event "Team Championship Russia (Rapid, Men)"]
[Site "Sochi"]
[Date "2018.10.08"]
[Round "5.27"]
[White "Mochalin, Faddey"]
[Black "Yuffa, Daniil"]
[Result "0-1"]
[BlackElo "2625"]
[WhiteElo "1911"]
[LiveChessVersion "1.4.8"]

1. c4 {[%clk 0:15:19]} g6 {[%clk 0:15:17]} 2. Nc3 {[%clk 0:15:25]} Bg7
{[%clk 0:15:26]} 3. d4 {[%clk 0:15:34]} c5 {[%clk 0:15:26]} 4. d5
{[%clk 0:15:25]} Bxc3+ {[%clk 0:15:35]} 5. bxc3 {[%clk 0:15:34]} f5
{[%clk 0:15:43]} 6. e3 {[%clk 0:14:59]} Nf6 {[%clk 0:15:50]} 7. Nh3
{[%clk 0:14:49]} Qa5 {[%clk 0:15:52]} 8. Qb3 {[%clk 0:14:36]} e5 {[%clk 0:14:40]}
9. f4 {[%clk 0:13:43]} exf4 {[%clk 0:12:58]} 10. Nxf4 {[%clk 0:12:42]} O-O
{[%clk 0:12:53]} 11. Bd3 {[%clk 0:12:40]} d6 {[%clk 0:12:35]} 12. O-O
{[%clk 0:12:25]} Nbd7 {[%clk 0:12:13]} 13. Bd2 {[%clk 0:09:46]} Ne5
{[%clk 0:12:19]} 14. Be2 {[%clk 0:09:21]} Bd7 {[%clk 0:11:34]} 15. a4
{[%clk 0:08:53]} Rae8 {[%clk 0:11:15]} 16. Rfb1 {[%clk 0:07:31]} b6
{[%clk 0:11:11]} 17. h3 {[%clk 0:05:37]} Ne4 {[%clk 0:09:33]} 18. Be1
{[%clk 0:05:45]} Rf6 {[%clk 0:09:27]} 19. Ra2 {[%clk 0:04:40]} g5
{[%clk 0:09:34]} 20. Nh5 {[%clk 0:04:12]} Rg6 {[%clk 0:09:43]} 21. Ng3
{[%clk 0:02:53]} Nf6 {[%clk 0:09:50]} 22. Nh5 {[%clk 0:02:28]} Ne4
{[%clk 0:08:20]} 23. Ng3 {[%clk 0:02:36]} Nf6 {[%clk 0:06:40]} 24. Nh5
{[%clk 0:02:43]} Rf8 {[%clk 0:06:45]} 25. Bf2 {[%clk 0:01:37]} Nxh5
{[%clk 0:06:27]} 26. Bxh5 {[%clk 0:01:45]} Rg7 {[%clk 0:06:32]} 27. Be2
{[%clk 0:01:14]} f4 {[%clk 0:06:33]} 28. Rf1 {[%clk 0:01:02]} f3 {[%clk 0:06:26]}
29. gxf3 {[%clk 0:00:12]} Bxh3 {[%clk 0:06:34]} 30. Rc1 {[%clk 0:00:12]} Nxf3+
{[%clk 0:06:18]} 31. Bxf3 {[%clk 0:00:19]} Rxf3 {[%clk 0:06:27]} 32. Kh2
{[%clk 0:00:15]} Bf5 {[%clk 0:05:19]} 33. Rf1 {[%clk 0:00:11]} Be4
{[%clk 0:05:05]} 34. Raa1 {[%clk 0:00:13]} Rg6 {[%clk 0:05:00]} 35. Qb5
{[%clk 0:00:11]} Rh6+ {[%clk 0:05:03]} 36. Kg1 {[%clk 0:00:18]} Rh1+
{[%clk 0:05:07]} 0-1

[Event "Team Championship Russia (Rapid, Men)"]
[Site "Sochi"]
[Date "2018.10.08"]
[Round "5.28"]
[White "Antipov, Mikhail Al."]
[Black "Girshgorn, Leonid"]
[Result "1-0"]
[BlackElo "2131"]
[WhiteElo "2642"]
[LiveChessVersion "1.4.8"]

1. e4 {[%clk 0:15:19]} c6 {[%clk 0:15:19]} 2. d4 {[%clk 0:15:28]} d5
{[%clk 0:15:29]} 3. e5 {[%clk 0:15:37]} Bf5 4. h4 Qb6 {[%clk 0:15:45]} 5. g4
{[%clk 0:15:54]} Bd7 {[%clk 0:15:53]} 6. Nc3 {[%clk 0:16:03]} e6 {[%clk 0:15:58]}
7. Na4 {[%clk 0:16:10]} Qc7 {[%clk 0:15:48]} 8. f4 {[%clk 0:15:18]} Na6
{[%clk 0:14:16]} 9. Be3 {[%clk 0:11:25]} c5 {[%clk 0:13:38]} 10. Nxc5
{[%clk 0:11:33]} Nxc5 {[%clk 0:13:46]} 11. dxc5 {[%clk 0:11:42]} Bxc5
{[%clk 0:13:46]} 12. Bxc5 {[%clk 0:11:43]} Qxc5 {[%clk 0:13:54]} 13. Qd2
{[%clk 0:11:51]} Ne7 {[%clk 0:13:33]} 14. h5 {[%clk 0:11:49]} O-O-O
{[%clk 0:11:16]} 15. O-O-O {[%clk 0:11:15]} Kb8 {[%clk 0:10:52]} 16. Nf3
{[%clk 0:11:17]} Rc8 {[%clk 0:10:22]} 17. h6 {[%clk 0:10:43]} gxh6
{[%clk 0:07:51]} 18. Rxh6 {[%clk 0:10:51]} Ng6 {[%clk 0:07:35]} 19. Nd4
{[%clk 0:10:53]} Rc7 {[%clk 0:07:07]} 20. Kb1 {[%clk 0:10:40]} Ne7
{[%clk 0:06:07]} 21. Be2 {[%clk 0:09:13]} Nc6 {[%clk 0:05:52]} 22. Nb5
{[%clk 0:08:46]} Rcc8 {[%clk 0:04:39]} 23. Nd6 {[%clk 0:08:54]} Rc7
{[%clk 0:04:48]} 24. Nxf7 {[%clk 0:07:34]} Rf8 {[%clk 0:04:56]} 25. Nd6
{[%clk 0:07:43]} Nd4 {[%clk 0:04:50]} 26. Bd3 {[%clk 0:07:28]} Ba4
{[%clk 0:02:51]} 27. b3 {[%clk 0:05:56]} Bb5 {[%clk 0:02:31]} 28. Nxb5
{[%clk 0:05:52]} Nxb5 {[%clk 0:02:40]} 29. Bxb5 {[%clk 0:06:01]} Qxb5
{[%clk 0:02:48]} 30. Rxe6 {[%clk 0:06:09]} Rfc8 {[%clk 0:02:54]} 31. Rc1
{[%clk 0:06:08]} Rc4 {[%clk 0:02:49]} 32. Rd6 {[%clk 0:06:11]} R8c5
{[%clk 0:01:16]} 33. e6 {[%clk 0:06:12]} Re4 {[%clk 0:01:20]} 34. f5
{[%clk 0:06:08]} Re2 {[%clk 0:00:42]} 35. Qf4 {[%clk 0:06:17]} Kc8
{[%clk 0:00:27]} 36. f6 {[%clk 0:06:26]} 1-0

[Event "Team Championship Russia (Rapid, Men)"]
[Site "Sochi"]
[Date "2018.10.08"]
[Round "5.29"]
[White "Rakhmanov, Aleksandr"]
[Black "Alexeev, Alexey"]
[Result "1-0"]
[BlackElo "2283"]
[WhiteElo "2688"]
[LiveChessVersion "1.4.8"]

1. c4 {[%clk 0:15:18]} c5 {[%clk 0:15:18]} 2. Nc3 {[%clk 0:15:26]} Nf6
{[%clk 0:15:26]} 3. Nf3 {[%clk 0:15:32]} e6 {[%clk 0:15:34]} 4. e4
{[%clk 0:15:41]} Nc6 {[%clk 0:15:41]} 5. Be2 {[%clk 0:15:49]} e5 {[%clk 0:15:39]}
6. d3 {[%clk 0:15:54]} d6 {[%clk 0:15:40]} 7. a3 {[%clk 0:16:02]} g6
{[%clk 0:15:42]} 8. O-O {[%clk 0:15:51]} Bg7 {[%clk 0:15:46]} 9. b4
{[%clk 0:16:00]} b6 {[%clk 0:15:36]} 10. Bg5 {[%clk 0:15:59]} h6 {[%clk 0:15:31]}
11. Bh4 {[%clk 0:16:06]} g5 {[%clk 0:14:23]} 12. Bg3 {[%clk 0:16:14]} Ne7
{[%clk 0:14:27]} 13. h4 {[%clk 0:16:02]} Nh5 {[%clk 0:13:57]} 14. hxg5
{[%clk 0:15:14]} Nxg3 {[%clk 0:14:05]} 15. fxg3 {[%clk 0:15:21]} Ng6
{[%clk 0:14:04]} 16. Nd5 {[%clk 0:15:15]} Be6 {[%clk 0:13:08]} 17. bxc5
{[%clk 0:15:13]} bxc5 {[%clk 0:12:48]} 18. Qa4+ {[%clk 0:15:21]} Kf8
{[%clk 0:12:46]} 19. Rab1 {[%clk 0:15:20]} hxg5 {[%clk 0:12:20]} 20. Rb7
{[%clk 0:13:22]} g4 {[%clk 0:11:42]} 21. Nh2 {[%clk 0:13:26]} Qg5
{[%clk 0:06:57]} 22. Qxa7 {[%clk 0:11:40]} 1-0

[Event "Team Championship Russia (Rapid, Men)"]
[Site "Sochi"]
[Date "2018.10.08"]
[Round "5.31"]
[White "Moiseenko, Vadim"]
[Black "Linker, Mikhail"]
[Result "1/2-1/2"]
[BlackElo "2319"]
[WhiteElo "2577"]
[LiveChessVersion "1.4.8"]

1. Nf3 {[%clk 0:15:18]} Nf6 {[%clk 0:15:19]} 2. b3 {[%clk 0:15:27]} b6
{[%clk 0:15:18]} 3. Bb2 {[%clk 0:15:18]} e6 {[%clk 0:15:23]} 4. g3
{[%clk 0:15:14]} Bb7 {[%clk 0:15:31]} 5. Bg2 {[%clk 0:15:23]} c5 {[%clk 0:15:39]}
6. O-O {[%clk 0:15:29]} Be7 {[%clk 0:15:47]} 7. c4 {[%clk 0:15:29]} O-O
{[%clk 0:15:54]} 8. e3 {[%clk 0:15:12]} d5 {[%clk 0:15:36]} 9. cxd5
{[%clk 0:15:18]} Nxd5 {[%clk 0:15:35]} 10. d4 {[%clk 0:15:10]} cxd4
{[%clk 0:12:09]} 11. Nxd4 {[%clk 0:15:18]} Nc6 {[%clk 0:12:18]} 12. Nd2
{[%clk 0:12:13]} Rc8 {[%clk 0:08:44]} 13. Ne4 {[%clk 0:11:36]} Qd7
{[%clk 0:07:39]} 14. Nxc6 {[%clk 0:08:59]} Bxc6 {[%clk 0:07:46]} 15. Qg4
{[%clk 0:09:01]} g6 {[%clk 0:06:16]} 16. Qh3 {[%clk 0:09:09]} f5 {[%clk 0:05:59]}
17. Qh6 {[%clk 0:09:18]} Bf6 {[%clk 0:03:48]} 18. Nxf6+ {[%clk 0:09:10]} Nxf6
{[%clk 0:03:56]} 19. Rfd1 {[%clk 0:09:06]} Qg7 {[%clk 0:03:46]} 20. Qf4
{[%clk 0:04:28]} Bxg2 {[%clk 0:03:52]} 21. Kxg2 {[%clk 0:04:37]} Rc2
{[%clk 0:02:40]} 22. Bd4 {[%clk 0:04:11]} Qb7+ {[%clk 0:02:40]} 23. Kg1
{[%clk 0:04:05]} Ng4 {[%clk 0:02:31]} 24. Rf1 {[%clk 0:04:02]} Qd5
{[%clk 0:02:04]} 25. h3 {[%clk 0:01:34]} e5 {[%clk 0:02:11]} 26. Qg5
{[%clk 0:01:43]} Nxf2 {[%clk 0:02:11]} 27. Rxf2 {[%clk 0:01:52]} Rxf2
{[%clk 0:02:19]} 28. Kxf2 {[%clk 0:02:01]} exd4 {[%clk 0:02:28]} 29. Qf4
{[%clk 0:01:52]} dxe3+ {[%clk 0:02:32]} 30. Qxe3 {[%clk 0:02:00]} Rc8
{[%clk 0:02:32]} 31. Re1 {[%clk 0:01:56]} Qc5 {[%clk 0:00:52]} 32. Qxc5
{[%clk 0:01:39]} Rxc5 {[%clk 0:01:01]} 33. Re7 {[%clk 0:01:48]} Rc2+
{[%clk 0:00:48]} 34. Kf3 {[%clk 0:01:57]} Rxa2 {[%clk 0:00:57]} 35. Kf4
{[%clk 0:02:06]} h6 {[%clk 0:01:06]} 36. Rb7 {[%clk 0:02:11]} Re2
{[%clk 0:01:12]} 37. Rxa7 {[%clk 0:01:32]} Re4+ 38. Kf3 Rb4 {[%clk 0:01:30]} 39.
h4 {[%clk 0:01:44]} Rxb3+ {[%clk 0:01:34]} 40. Kf4 {[%clk 0:01:54]} Rb5
{[%clk 0:01:43]} 41. Rb7 {[%clk 0:01:58]} Kf8 {[%clk 0:01:22]} 42. Rh7
{[%clk 0:01:32]} Rc5 {[%clk 0:01:23]} 43. Rb7 {[%clk 0:01:20]} b5
{[%clk 0:01:30]} 44. Rb8+ {[%clk 0:00:54]} Kf7 {[%clk 0:01:37]} 45. Rb7+
{[%clk 0:01:03]} Ke8 {[%clk 0:01:23]} 46. Rb6 {[%clk 0:00:55]} Kf7
{[%clk 0:00:29]} 47. Rb7+ {[%clk 0:01:04]} Kf8 {[%clk 0:00:36]} 48. Rb6
{[%clk 0:01:06]} Kg7 {[%clk 0:00:46]} 49. Rb7+ {[%clk 0:01:15]} Kg8
{[%clk 0:00:55]} 50. Rb8+ {[%clk 0:01:17]} Kf7 {[%clk 0:00:56]} 51. Rb7+
{[%clk 0:01:23]} Ke8 {[%clk 0:01:02]} 52. Rb6 {[%clk 0:01:29]} Rc4+
{[%clk 0:00:58]} 53. Kf3 {[%clk 0:01:20]} b4 {[%clk 0:00:35]} 54. Rxg6
{[%clk 0:01:21]} b3 {[%clk 0:00:37]} 55. Rb6 {[%clk 0:01:26]} Rc3+
{[%clk 0:00:43]} 56. Kf4 {[%clk 0:01:31]} Kd7 {[%clk 0:00:34]} 57. Kxf5
{[%clk 0:00:23]} Rxg3 {[%clk 0:00:42]} 58. Rxh6 {[%clk 0:00:29]} Kc7
{[%clk 0:00:44]} 59. Rh7+ {[%clk 0:00:23]} Kc6 {[%clk 0:00:51]} 60. Rh6+
{[%clk 0:00:20]} Kc5 {[%clk 0:00:55]} 61. Rh8 {[%clk 0:00:23]} Kc4
{[%clk 0:00:35]} 62. Rb8 {[%clk 0:00:27]} Rd3 {[%clk 0:00:33]} 63. h5
{[%clk 0:00:21]} Rd5+ {[%clk 0:00:37]} 64. Kg4 {[%clk 0:00:29]} Rb5
{[%clk 0:00:22]} 65. Rxb5 {[%clk 0:00:28]} Kxb5 {[%clk 0:00:31]} 66. h6
{[%clk 0:00:37]} b2 {[%clk 0:00:41]} 67. h7 {[%clk 0:00:46]} b1=Q
{[%clk 0:00:48]} 68. h8=Q {[%clk 0:00:55]} Qe4+ {[%clk 0:00:54]} 69. Kg5
{[%clk 0:00:57]} 1/2-1/2